আবু ইসহাকের পদ্মার পলিদ্বীপ : (Record no. 255396)
[ view plain ]
| 000 -LEADER | |
|---|---|
| fixed length control field | 01060nam a22002177a 4500 |
| 003 - CONTROL NUMBER IDENTIFIER | |
| control field | BD-DhUL |
| 005 - DATE AND TIME OF LATEST TRANSACTION | |
| control field | 20220906111220.0 |
| 008 - FIXED-LENGTH DATA ELEMENTS--GENERAL INFORMATION | |
| fixed length control field | 220223s2020 bg ||||| b|| 000 0 ben |
| 020 ## - INTERNATIONAL STANDARD BOOK NUMBER | |
| International Standard Book Number | 984700004048 (hbk) |
| 040 ## - CATALOGING SOURCE | |
| Original cataloging agency | BD-DhUL |
| Transcribing agency | BD-DhUL |
| 082 ## - DEWEY DECIMAL CLASSIFICATION NUMBER | |
| Classification number | 891.443009 |
| Item number | ABU |
| 245 10 - TITLE STATEMENT | |
| Title | আবু ইসহাকের পদ্মার পলিদ্বীপ : |
| Remainder of title | মূল্যায়ন ও বিশ্লেষণ / |
| Statement of responsibility, etc. | সম্পাদক মোহাম্মদ শাকেরউল্লাহ । |
| 260 ## - PUBLICATION, DISTRIBUTION, ETC. (IMPRINT) | |
| Place of publication, distribution, etc. | ঢাকা : |
| Name of publisher, distributor, etc. | জাতীয় সাহিত্য, |
| Date of publication, distribution, etc. | ২০২০ । |
| 300 ## - PHYSICAL DESCRIPTION | |
| Extent | ২২৩ পৃ. ; |
| Dimensions | ২২ সেমি. |
| 365 ## - TRADE PRICE | |
| Price type code | BDT |
| Price amount | 425.00 |
| 504 ## - BIBLIOGRAPHY, ETC. NOTE | |
| Bibliography, etc | গ্রন্থপঞ্জিগত তথ্য সংবলিত । |
| 650 #4 - SUBJECT ADDED ENTRY--TOPICAL TERM | |
| Topical term or geographic name as entry element | বাংলা উপন্যাস |
| General subdivision | ইতিহাস ও সমালোচনা । |
| 650 #4 - SUBJECT ADDED ENTRY--TOPICAL TERM | |
| Topical term or geographic name as entry element | Bengali fiction |
| General subdivision | History and criticism . |
| 700 1# - ADDED ENTRY--PERSONAL NAME | |
| Personal name | শাকেরউল্লাহ, মোহাম্মদ |
| Relator term | সম্পা. |
| 942 ## - ADDED ENTRY ELEMENTS (KOHA) | |
| Source of classification or shelving scheme | |
| Koha item type | Books |
| Price effective from | Date last seen | Permanent Location | Not for loan | Date acquired | Source of classification or shelving scheme | Koha item type | Lost status | Withdrawn status | Copy number | Source of acquisition | Collection code | Damaged status | Shelving location | Barcode | Current Location | Public note | Full call number |
|---|---|---|---|---|---|---|---|---|---|---|---|---|---|---|---|---|---|
| 2022-02-23 | Dhaka University Library | 2022-01-22 | Books | 1 | Purchased | Fiction | General Stacks | 520074 | Dhaka University Library | 891.443009 ABU | |||||||
| 2022-02-23 | Dhaka University Library | 2022-01-22 | Books | 2 | Purchased | Fiction | General Stacks | 520075 | Dhaka University Library | tr. to Bengali | 891.443009 ABU | ||||||
| 2022-08-23 | 2022-08-23 | Dhaka University Library | 2022-05-24 | Books | 3 | Purchased | Fiction | General Stacks | 524826 | Dhaka University Library | 891.443009 ABU | ||||||
| 2022-08-23 | 2022-08-23 | Dhaka University Library | 2022-05-24 | Books | 4 | Purchased | Fiction | General Stacks | 524827 | Dhaka University Library | Tr. to Bengali Dept. | 891.443009 ABU |
